Les inscriptions protosinaïtiques /

محفوظ في:

المؤلف الرئيسي: Leibovitch, J. (مؤلف)

التنسيق: كتاب

اللغة: French

منشور في: Le Caire : Imprimerie de l'Institut français d'archéologie orientale, 1934.

سلاسل: Memoires de l'Institut d'Egypte ; 24.
MIE ; 24.

الموضوعات:

الوسوم: إضافة وسم

لا توجد وسوم, كن أول من يضع وسما على هذه التسجيلة!

رقم الطلب: DT43 .I625 v.24

LEADER 00976namaa2200289 4500
001 18858
003 OSt
005 20260317071314.0
008 130303s1934 ua af b 000 0 fre d
010 |a 35014032 
040 |c ARCE Library 
043 |a f-ua--- 
050 4 |a DT43 .I625 v.24 
100 1 |a Leibovitch, J.,   |e author  |9 34626 
245 1 4 |a Les inscriptions protosinaïtiques /  |c par J. Leibovitch (avec 6 planches hors texte) 
264 1 |a Le Caire :   |b Imprimerie de l'Institut français d'archéologie orientale,   |c 1934. 
300 |a 5 pages, [iii]-xv, 107, [1] pages :   |b illustrations, vi plates ;   |c 29 cm. 
490 1 |a Memoires de l'Institut d'Egypte ;   |v 24. 
490 1 |a MIE ;   |v 24. 
504 |a Bibliography : pages [xi]-xv. 
650 0 |a Inscriptions  |z Egypt  |z Shamāl Sīnāʼ. 
650 0 |a Inscriptions, Egyptian. 
830 0 |a Memoires de l'Institut d'Egypte ;   |v 24. 
830 0 |a MIE ;   |v 24. 
901 |a reviewed 
942 |c BK  |2 lcc 
999 |c 15927  |d 15927